STN EN 14375 Opätovne neuzatvárateľné obaly na farmaceutické výrobky odolávajúce deťom. Požiadavky a skúšanie

Bibliographic Details
Format: Book
Language:Slovak
PhysicalDescription:20 s.
Published: Bratislava Slovenský ústav technickej normalizácie 2004

MARC

LEADER 00000nam a2200000 a 4500
001 vtls008183979
003 SK-MaSNL
005 20260224204029.0
008 130117s xo u 000 0 slo
015 |a SNBN2013 
040 |a SNK  |b slo  |c SNK  |e AACR2 
245 0 0 |a STN EN 14375 Opätovne neuzatvárateľné obaly na farmaceutické výrobky odolávajúce deťom. Požiadavky a skúšanie 
260 |a Bratislava  |b Slovenský ústav technickej normalizácie  |c 2004 
300 |a 20 s. 
500 |a Dátum účinnosti opravy normy: máj 2008 
999 |c 1163466  |d 1165396 
952 |a SNK  |b SNK  |y PREZ  |7 0  |p 17A0479355  |o snkSTN EN 14375  |i snk2005/12079  |8 0  |0 0  |1 0  |4 0  |d 2005-07-13  |l 0  |r 2026-02-24 20:40:29  |w 2026-02-24 
952 |a SNK  |b SNK  |y PREZ  |7 0  |p 17A0479356  |o snkSTN EN 14375 D1  |i snk2005/12080  |8 0  |0 0  |1 0  |4 0  |d 2005-07-13  |l 0  |r 2026-02-24 20:40:29  |w 2026-02-24